Bibliografía para elaboración de ocho monografías de plantas medicinales (Registro nro. 7063)
[ vista simple ]
| 000 -CABECERA | |
|---|---|
| Campo de control | 00684nam a2200193 a 4500 |
| 005 - FECHA Y HORA DE LA ULTIMA TRANSACCION | |
| Campo de control | 20150113092600.0 |
| 008 - ELEMENTOS DE LONGITUD FIJA—INFORMACION GENERAL | |
| Campo de control | 131126b2000 ck ||||| |||| 00| 0 spa d |
| 040 ## - FUENTE DE CATALOGACIÓN | |
| Agencia catalogadora original | CO-BoIAVH |
| Agencia transcriptora | CO-BoIAVH |
| 041 ## - IDIOMA | |
| Código de idioma para texto/pista de sonido o título separado | Español |
| 044 ## - PAÍS DE PUBLICACIÓN | |
| País de publicación | Colombia |
| 090 ## - CLASIFICACIÓN LOCAL | |
| Colección | IAVH |
| Consecutivo | 01360 |
| 245 ## - MENCION DE TITULO | |
| Título | Bibliografía para elaboración de ocho monografías de plantas medicinales |
| 260 ## - PUBLICACION, DISTRIBUCION, ETC. (PIE DE IMPRENTA) | |
| Lugar de publicación, distribución, etc. | Bogotá |
| Nombre del editor, distribuidor, etc. | IAVH |
| -- | Ministerio de Ambiente Vivienda y Desarrollo territorial |
| Fecha de publicación, distribución, etc. | 2009? |
| 300 ## - DESCRIPCION FISICA | |
| Extensión | 614p. |
| Otros detalles físicos | il. |
| Dimensiones | 28 cm. |
| 500 ## - NOTA GENERAL | |
| Nota general | Fotocopias de articulos sobre tema de monografías |
| 505 ## - NOTA DE CONTENIDO | |
| Nota de contenido | Cuasia, general,Singamuchila,Tinto chiquito,trompeto,yerbamora,yocoto |
| 650 ## - ASIENTO SECUNDARIO DE MATERIA - TERMINO TEMATICO | |
| Término temático o nombre geográfico como elemento de entrada | Plantas medicinales |
| 942 ## - ELEMENTOS ADICIONALES (KOHA) | |
| Tipo de ítem | Informe Técnico |
| Sistema de clasificación | Local |
| Withdrawn status | Lost status | Sistema de Clasificación | Damaged status | No para préstamo | Colección | Inventariado | Ubicación Permanente | Ubicación actual | Fecha de adquisición | Total Checkouts | Número topográfico | Inventario / Código de Barras | Date last seen | Ejemplar | Price effective from | Forma de adquisición | Tipo de material |
|---|---|---|---|---|---|---|---|---|---|---|---|---|---|---|---|---|---|
| Local | Humboldt | Inventariado 2017 | Bogotá | Bogotá | 18/07/2009 | IAVH-01360 | 027274 | 09/08/2024 | Ej. 2 | 04/12/2012 | Informe Técnico |